000 00288nam a2200121Ia 4500
008 220216s9999 xx 000 0 und d
100 _aNaryanan
_BP.K.
245 0 _aBright future
260 _bPlanters' Chronicle
_c1995
300 _a203-207
650 _aRubber production
942 _cBS
999 _c52155
_d52155